Guptaji ki kavya dhara (Record no. 148640)

MARC details
000 -LEADER
fixed length control field 00659nam a2200229Ia 4500
003 - CONTROL NUMBER IDENTIFIER
control field OSt
005 - DATE AND TIME OF LATEST TRANSACTION
control field 20260309163319.0
008 - FIXED-LENGTH DATA ELEMENTS--GENERAL INFORMATION
fixed length control field 210210b1951 xxu||||| |||| 00| 0 eng d
040 ## - CATALOGING SOURCE
Transcribing agency AL
041 ## - LANGUAGE CODE
Language code of text/sound track or separate title Hindi
082 ## - DEWEY DECIMAL CLASSIFICATION NUMBER
Classification number 864/138
100 ## - MAIN ENTRY--PERSONAL NAME
Personal name SUKLA (Girija Datta)
Dates associated with a name शुक्ला (गिरिजा दत्ता)
9 (RLIN) 258353
245 ## - TITLE STATEMENT
Title Guptaji ki kavya dhara
Remainder of title गुप्तजी की काव्य धारा
260 ## - PUBLICATION, DISTRIBUTION, ETC.
Place of publication, distribution, etc. PrayAg
Name of publisher, distributor, etc. -
Date of publication, distribution, etc. 1951
650 ## - SUBJECT ADDED ENTRY--TOPICAL TERM
Topical term or geographic name entry element ki
9 (RLIN) 258354
650 ## - SUBJECT ADDED ENTRY--TOPICAL TERM
Topical term or geographic name entry element kAvya
9 (RLIN) 258355
650 ## - SUBJECT ADDED ENTRY--TOPICAL TERM
Topical term or geographic name entry element Guptaji
9 (RLIN) 258356
650 ## - SUBJECT ADDED ENTRY--TOPICAL TERM
Topical term or geographic name entry element dhAra
9 (RLIN) 258357
690 ## - LOCAL SUBJECT ADDED ENTRY--TOPICAL TERM (OCLC, RLIN)
Topical term or geographic name as entry element Hindi Criticism
9 (RLIN) 258358
906 ## - LOCAL DATA ELEMENT F, LDF (RLIN)
a 023674
942 ## - ADDED ENTRY ELEMENTS (KOHA)
Source of classification or shelving scheme Dewey Decimal Classification
Koha item type Book
Holdings
Withdrawn status Lost status Source of classification or shelving scheme Damaged status Not for loan Collection code Home library Current library Shelving location Date acquired Cost, normal purchase price Total Checkouts Full call number Barcode Date last seen Price effective from Koha item type
    Dewey Decimal Classification     Hindi St Aloysius Library St Aloysius Library   02/17/2021 0.00   864/138 023674 02/17/2021 02/17/2021 Book